Mujer migrante y Derechos Humanos /

保存先:
書誌詳細
第一著者: Posada, Ana Esther
その他の著者: Araya, Yolanda
フォーマット: テキスト
主題:
タグ: タグ追加
タグなし, このレコードへの初めてのタグを付けませんか!

MARC

LEADER 00000 a a2200000 04500
001 2356
003
040
100 |a Posada, Ana Esther  
245 |a Mujer migrante y Derechos Humanos /  |c Ana Esther Posada ; Yolanda Araya 
650 |a MUJERES  
650 |a MIGRANTES  
650 |a MIGRACION  
650 |a DERECHOS DE LOS TRABAJADORES  
650 |a COSTA RICA  
700 |a Araya, Yolanda  
773 |g volumen 18, número 3; páginas 29-30  
999 |c 36986  |d 36986